[Event "Paul Keres mem (28th)"]
[Site "Vancouver CAN"]
[Date "2003.05.19"]
[Round "7"]
[White "Stephens, Desmond"]
[Black "Azmitia, Eduardo"]
[Result "0-1"]
[WhiteElo "1761"]
[BlackElo "1794"]
[PlyCount "72"]
[EventDate "2003.05.16"]
[EventType "swiss"]
[EventRounds "7"]
[EventCountry "CAN"]
[Source "Mark Crowther"]
[SourceDate "2003.05.26"]

1. d4 Nf6 2. c4 e6 3. Nc3 Bb4 4. Bg5 h6 5. Bh4 g5 6. Bg3 Ne4 7. Qc2 Bxc3+ 8.
bxc3 Nxg3 9. hxg3 b6 10. e4 Nc6 11. g4 Ba6 12. g3 Na5 13. Qa4 Qe7 14. Nf3 f6
15. Nd2 f5 16. gxf5 exf5 17. O-O-O fxe4 18. Bh3 O-O-O 19. Rhe1 Qf7 20. Rxe4 Bb7
21. d5 Qxf2 22. Re7 Qxg3 23. Bxd7+ Kb8 24. Kc2 Bc8 25. Rb1 Bxd7 26. Rxd7 Rxd7
27. Qxd7 Qd6 28. Qh3 Qg6+ 29. Kc1 Nb7 30. Kb2 Nc5 31. Qf1 Qd3 32. Qe1 Na4+ 33.
Ka3 Nxc3 34. Rb3 Qe2 35. Qc1 Ne4 36. Qa1 Re8 0-1

[Event "Paul Keres mem (28th)"]
[Site "Vancouver CAN"]
[Date "2003.05.19"]
[Round "7"]
[White "Tegzes, Laszlo"]
[Black "Pacheco, Sigfrido"]
[Result "1-0"]
[WhiteElo "2178"]
[BlackElo "2115"]
[PlyCount "59"]
[EventDate "2003.05.16"]
[EventType "swiss"]
[EventRounds "7"]
[EventCountry "CAN"]
[Source "Mark Crowther"]
[SourceDate "2001.05.14"]

1. e4 c5 2. d4 cxd4 3. c3 Nf6 4. e5 Nd5 5. Nf3 Nc6 6. cxd4 d6 7. exd6 e6 8. Nc3
Nxc3 9. bxc3 Bxd6 10. Bd3 Bd7 11. O-O h6 12. Qe2 Ne7 13. Ne5 Bxe5 14. dxe5 Bc6
15. c4 Qd7 16. Ba3 O-O-O 17. Be4 Bxe4 18. Qxe4 Nc6 19. Bd6 f6 20. f4 f5 21. Qe3
Rdg8 22. a4 g5 23. a5 gxf4 24. Rxf4 h5 25. a6 Rg4 26. Rb1 b6 27. c5 Rxf4 28.
Qxf4 Nb8 29. cxb6 Nxa6 30. b7+ 1-0

[Event "Paul Keres mem (28th)"]
[Site "Vancouver CAN"]
[Date "2003.05.19"]
[Round "7"]
[White "Yoos, John"]
[Black "Van Riemsdijk, Herman"]
[Result "0-1"]
[WhiteElo "2426"]
[BlackElo "2393"]
[PlyCount "71"]
[EventDate "2003.05.16"]
[EventType "swiss"]
[EventRounds "7"]
[EventCountry "CAN"]
[Source "Mark Crowther"]
[SourceDate "2003.05.26"]

1. e4 c5 2. Nf3 e6 3. d4 cxd4 4. Nxd4 Nf6 5. Nc3 Nc6 6. Ndb5 Bb4 7. Bf4 Nxe4 8.
Qf3 d5 9. Nc7+ Kf8 10. O-O-O Bxc3 11. bxc3 Rb8 12. Bc4 Bd7 13. Bxd5 exd5 14.
Nxd5 Ng5 15. Qe3 Ne6 16. Bd6+ Kg8 17. Bxb8 Qxb8 18. f4 Nf8 19. g3 h5 20. Ne7+
Nxe7 21. Qxe7 Qc8 22. Rd3 Rh6 23. Rhd1 Re6 24. Qg5 Re8 25. Qa5 g6 26. h3 Bxh3
27. Rd8 Qe6 28. Rxe8 Qxe8 29. Qxa7 Qc8 30. Qa5 Ne6 31. Qe5 Bf5 32. Kb2 Qc4 33.
Qb8+ Kg7 34. Qxb7 Qe2 35. Rc1 Nc5 36. Qb4 0-1

[Event "Paul Keres mem (28th) U1600"]
[Site "Vancouver CAN"]
[Date "2003.05.17"]
[Round "1"]
[White "Awasis, Virgil"]
[Black "Forsyth, Alan"]
[Result "1-0"]
[WhiteElo "1599"]
[BlackElo "1367"]
[PlyCount "113"]
[EventDate "2003.05.17"]
[EventType "swiss"]
[EventRounds "6"]
[EventCountry "CAN"]

1. e4 d6 2. d4 g6 3. h3 Bg7 4. Nf3 Nf6 5. Nc3 O-O 6. Bc4 Nc6 7. Be3 e5 8. O-O
Nh5 9. Bg5 Bf6 10. Bxf6 Qxf6 11. Nd5 Qd8 12. Ne3 Kh8 13. c3 f5 14. exf5 e4 15.
Nd2 Bxf5 16. Nxf5 Rxf5 17. g4 Qg5 18. Nxe4 Qf4 19. gxf5 Qxe4 20. Qg4 Qxg4+ 21.
hxg4 Nf4 22. Kh2 d5 23. Bb3 Kg7 24. fxg6 hxg6 25. g5 Na5 26. Rae1 Kf7 27. Kg3
Nh5+ 28. Kg4 c6 29. f4 Ng7 30. Bc2 Nc4 31. f5 gxf5+ 32. Bxf5 Nxf5 33. Rxf5+ Kg8
34. Rf6 Nxb2 35. Re7 Na4 36. g6 Rf8 37. Kg5 Nxc3 38. Rxf8+ Kxf8 39. g7+ Kxe7
40. g8=Q Ne4+ 41. Kf5 Nd6+ 42. Kg6 Kd7 43. Kf6 Kc7 44. Ke6 Nc4 45. Qf7+ Kb6 46.
Kd7 Ka6 47. Qf1 Ka5 48. Kc7 Ka6 49. Qe2 b5 50. Kxc6 Na5+ 51. Kc5 Nb7+ 52. Kxd5
Kb6 53. Qe6+ Ka5 54. Qd7 Ka6 55. Qc6+ Ka5 56. Qxb7 a6 57. Kc5 1-0

[Event "Paul Keres mem (28th) U1600"]
[Site "Vancouver CAN"]
[Date "2003.05.17"]
[Round "1"]
[White "Diaz, Alejandro"]
[Black "Hoffmann, Geoffrey"]
[Result "1-0"]
[WhiteElo "1853"]
[BlackElo "1411"]
[PlyCount "70"]
[EventDate "2003.05.17"]
[EventType "swiss"]
[EventRounds "6"]
[EventCountry "CAN"]

1. e4 c5 2. Nf3 Nc6 3. d4 cxd4 4. Nxd4 g6 5. Be3 Bg7 6. Nc3 Nf6 7. Be2 b6 8.
Nxc6 dxc6 9. Qxd8+ Kxd8 10. h3 Kc7 11. O-O-O e5 12. g4 Bb7 13. f3 Rhd8 14. Bc4
Rxd1+ 15. Nxd1 Rf8 16. Nf2 Ne8 17. Rd1 Nd6 18. Bb3 Ba6 19. f4 f6 20. f5 g5 21.
Be6 Rd8 22. Rd2 Bf1 23. b3 Bg2 24. Re2 Bf3 25. Re1 c5 26. Bd5 Bf8 27. c4 h5 28.
Rg1 h4 29. Kc2 a6 30. Kd3 b5 31. Bd2 Nxe4 32. Nxe4 bxc4+ 33. bxc4 Bxe4+ 34.
Kxe4 Kb6 35. Rb1+ Kc7 1-0

[Event "Paul Keres mem (28th) U1600"]
[Site "Vancouver CAN"]
[Date "2003.05.17"]
[Round "1"]
[White "Gaulin, Richard"]
[Black "Jiang, Louie"]
[Result "0-1"]
[WhiteElo "1438"]
[BlackElo "1029"]
[PlyCount "50"]
[EventDate "2003.05.17"]
[EventType "swiss"]
[EventRounds "6"]
[EventCountry "CAN"]

1. e4 e5 2. Nf3 Nc6 3. Bb5 a6 4. Ba4 Nf6 5. O-O Be7 6. Qe2 b5 7. Bb3 O-O 8. c3
Re8 9. Re1 Bc5 10. d3 d6 11. Bg5 Bg4 12. Nbd2 h6 13. Bxf6 Qxf6 14. Bd5 Bd7 15.
b4 Bb6 16. Nf1 Rad8 17. a3 Ne7 18. Ba2 Ng6 19. Qd2 Nf4 20. Ng3 Bg4 21. Nh4 Qxh4
22. d4 Qg5 23. Qb2 Nd3 24. Qb3 Be6 25. Qc2 Nxe1 0-1

[Event "Paul Keres mem (28th) U1600"]
[Site "Vancouver CAN"]
[Date "2003.05.17"]
[Round "1"]
[White "Harper, Jamie"]
[Black "Cruz, Tyler"]
[Result "1/2-1/2"]
[WhiteElo "1360"]
[BlackElo "1570"]
[PlyCount "56"]
[EventDate "2003.05.17"]
[EventType "swiss"]
[EventRounds "6"]
[EventCountry "CAN"]

1. e4 c5 2. Nc3 d6 3. g3 g6 4. Bg2 Bg7 5. Nge2 e5 6. O-O Ne7 7. d3 O-O 8. Be3
Nbc6 9. Qd2 Bd7 10. Bh6 Qb6 11. Bxg7 Kxg7 12. Rab1 f5 13. Kh1 Be6 14. f4 a6 15.
fxe5 Nxe5 16. Nf4 Bg8 17. Ncd5 Bxd5 18. exd5 Rf7 19. c3 Qa5 20. b3 Rc8 21. Rbd1
Nd7 22. d4 cxd4 23. cxd4 Qb5 24. Rfe1 Nf6 25. Ne6+ Kg8 26. Ng5 Rg7 27. Ne6 Rf7
28. Ng5 Rg7 1/2-1/2

[Event "Paul Keres mem (28th) U1600"]
[Site "Vancouver CAN"]
[Date "2003.05.17"]
[Round "2"]
[White "Cruz, Tyler"]
[Black "Diaz, Alejandro"]
[Result "0-1"]
[WhiteElo "1570"]
[BlackElo "1853"]
[PlyCount "40"]
[EventDate "2003.05.17"]
[EventType "swiss"]
[EventRounds "6"]
[EventCountry "CAN"]

1. e4 e5 2. Nf3 Nc6 3. Bb5 a6 4. Ba4 Nf6 5. O-O Be7 6. Re1 b5 7. Bb3 O-O 8. c3
d5 9. exd5 Nxd5 10. Nxe5 Nxe5 11. Rxe5 c6 12. d4 Bd6 13. Re1 Qh4 14. g3 Qh3 15.
Qf3 Bg4 16. Qg2 Qh5 17. Nd2 Rae8 18. Rxe8 Rxe8 19. h4 Re1+ 20. Kh2 Qxh4+ 0-1

[Event "Paul Keres mem (28th) U2000"]
[Site "Vancouver CAN"]
[Date "2003.05.17"]
[Round "1"]
[White "Paulson, Stewart"]
[Black "Erdos, Larry"]
[Result "0-1"]
[WhiteElo "1439"]
[BlackElo "1855"]
[PlyCount "62"]
[EventDate "2003.05.17"]
[EventType "swiss"]
[EventRounds "6"]
[EventCountry "CAN"]

1. e4 d5 2. exd5 Qxd5 3. Nc3 Qa5 4. d4 c6 5. Nf3 Nf6 6. Bd3 Bg4 7. h3 Bh5 8.
O-O e6 9. Bf4 Nbd7 10. Re1 Bb4 11. Bd2 Qc7 12. Ne4 Bxd2 13. Nxf6+ gxf6 14. Qxd2
Bxf3 15. gxf3 O-O-O 16. Kh1 Nf8 17. Qe3 Ng6 18. Rg1 Nf4 19. Rg3 Nxd3 20. Qxd3
Qb6 21. c3 Qxb2 22. Rb1 Qxf2 23. Rg2 Qh4 24. Kh2 Rhg8 25. Rg4 Qf2+ 26. Kh1 f5
27. Rgg1 Rg3 28. Rxg3 Qxg3 29. Rb2 Rg8 30. Qf1 Rg6 31. Qg2 Qe1+ 0-1

[Event "Paul Keres mem (28th) U2000"]
[Site "Vancouver CAN"]
[Date "2003.05.18"]
[Round "3"]
[White "Paulson, Stewart"]
[Black "Churchill, Greg"]
[Result "0-1"]
[WhiteElo "1439"]
[BlackElo "1926"]
[PlyCount "84"]
[EventDate "2003.05.17"]
[EventType "swiss"]
[EventRounds "6"]
[EventCountry "CAN"]

1. e4 Nf6 2. e5 Nd5 3. c4 Nb6 4. d4 d6 5. Nf3 Bg4 6. Bf4 dxe5 7. Bxe5 Nc6 8.
Be2 Nxe5 9. c5 Bxf3 10. gxf3 Nd5 11. dxe5 e6 12. Qd4 Be7 13. Rg1 g6 14. Nd2 O-O
15. f4 b6 16. c6 Bc5 17. Qe4 Qh4 18. O-O-O Qxf4 19. Kb1 Qxf2 20. Nf3 Qe3 21.
Qh4 Be7 22. Ng5 Bxg5 23. Qxg5 Qxe2 24. Rd2 Qe3 25. Qxe3 Nxe3 26. Rd7 Nd5 27.
Rd1 Rad8 28. R1xd5 exd5 29. Re7 Rfe8 30. Rxc7 Rc8 31. Rxa7 Rxc6 32. Ra6 Rxe5
33. a4 d4 34. Ra8+ Kg7 35. Rd8 Re1+ 36. Ka2 Rd1 37. Rd5 d3 38. Kb3 d2 39. Kb4
Rc2 40. b3 Rdc1 41. a5 bxa5+ 42. Kxa5 Rc5+ 0-1

[Event "Paul Keres mem (28th) U2000"]
[Site "Vancouver CAN"]
[Date "2003.05.19"]
[Round "5"]
[White "Wang, Yamei"]
[Black "Davies, Noam"]
[Result "1/2-1/2"]
[WhiteElo "1928"]
[BlackElo "1875"]
[PlyCount "52"]
[EventDate "2003.05.17"]
[EventType "swiss"]
[EventRounds "6"]
[EventCountry "CAN"]

1. Nf3 Nf6 2. b3 g6 3. Bb2 Bg7 4. d4 d5 5. e3 Bg4 6. Bd3 O-O 7. Nbd2 Re8 8. O-O
Nc6 9. h3 Bxf3 10. Nxf3 Ne4 11. c4 e6 12. Rc1 Nd6 13. a3 a5 14. cxd5 exd5 15.
Qc2 Qd7 16. Rfe1 Re7 17. Nd2 Nd8 18. Bc3 c6 19. a4 Ne6 20. b4 axb4 21. Bxb4
Rae8 22. Nb3 f5 23. Nc5 Nxc5 24. Qxc5 Re6 25. Red1 Bf8 26. Qc3 Ra8 1/2-1/2

[Event "Peel Invitational 37"]
[Site "Brampton CAN"]
[Date "2003.03.09"]
[Round "5"]
[White "Franke, Raymond"]
[Black "Brown, John"]
[Result "1-0"]
[WhiteElo "1716"]
[BlackElo "1681"]
[PlyCount "93"]
[EventDate "2003.03.08"]
[EventType "tourn"]
[EventRounds "5"]
[EventCountry "CAN"]
[Source "CFC"]
[SourceDate "2003.06.??"]

1. e4 e6 2. d3 d5 3. Nd2 c6 4. g3 h5 5. Bg2 h4 6. e5 hxg3 7. hxg3 Rxh1 8. Bxh1
Nh6 9. Nf1 Nf5 10. Bd2 Qb6 11. Qc1 Nd7 12. Nf3 Bc5 13. Be3 Nd4 14. N1d2 Nxc2+
15. Qxc2 Bxe3 16. fxe3 Qxe3+ 17. Kf1 Nc5 18. d4 Nd3 19. Kg2 Qe2+ 20. Kh3 Nf2+
21. Kh4 g5+ 22. Kxg5 Bd7 23. Re1 Ne4+ 24. Kf4 Qf2 25. Rg1 Qe2 26. Re1 Qf2 27.
Rg1 Qe2 28. Rg2 Qa6 29. Nxe4 dxe4 30. Qxe4 Qxa2 31. Qh7 O-O-O 32. Qc2 f5 33. b3
Qa3 34. Rh2 Qf8 35. Qc5 Qg7 36. Qxa7 Rg8 37. Qa8+ Kc7 38. Qa5+ b6 39. Qa7+ Kd8
40. Qb8+ Ke7 41. Qd6+ Ke8 42. Qb8+ Kf7 43. Qc7 Qg4+ 44. Ke3 Qe4+ 45. Kd2 f4 46.
Ng5+ Rxg5 47. Qxd7+ 1-0

[Event "Pere Noel"]
[Site "Montreal CAN"]
[Date "2003.12.26"]
[Round "1"]
[White "Arsenault, Nicolas"]
[Black "Rouleau, Paul"]
[Result "1/2-1/2"]
[WhiteElo "2107"]
[BlackElo "1895"]
[PlyCount "69"]
[EventDate "2003.12.26"]
[EventType "swiss"]
[EventRounds "5"]
[EventCountry "CAN"]

1. e4 e5 2. Nf3 Nc6 3. Bb5 a6 4. Ba4 Nf6 5. O-O b5 6. Bb3 Be7 7. Re1 d6 8. c3
O-O 9. h3 Nd7 10. d3 Na5 11. Bc2 c5 12. Nbd2 Re8 13. Nf1 Bf6 14. Ne3 g6 15. Nd5
Bg7 16. b4 Nc6 17. Bb3 Bb7 18. Bg5 Qc8 19. Qd2 c4 20. dxc4 bxc4 21. Ba4 f6 22.
Bh6 Qd8 23. Bxg7 Kxg7 24. Ne3 Nb6 25. Bc2 Ne7 26. Ng4 Ng8 27. Rad1 d5 28. exd5
Bxd5 29. Qe2 Qc7 30. Ne3 Bf7 31. Rd2 Rad8 32. Red1 Ne7 33. Rxd8 Rxd8 34. Rxd8
Qxd8 35. Qd2 1/2-1/2

[Event "Pere Noel"]
[Site "Montreal CAN"]
[Date "2003.12.26"]
[Round "1"]
[White "Desmarais, Emmanuel"]
[Black "Panayotov, Ivo"]
[Result "1-0"]
[WhiteElo "2052"]
[BlackElo "1821"]
[PlyCount "115"]
[EventDate "2003.12.26"]
[EventType "swiss"]
[EventRounds "5"]
[EventCountry "CAN"]

1. e4 c5 2. Nc3 Nc6 3. g3 d6 4. Bg2 g6 5. d3 Bg7 6. Nge2 Bg4 7. f3 Bd7 8. f4 e6
9. O-O Qe7 10. a4 h5 11. h3 O-O-O 12. Nb5 a6 13. Na3 f5 14. h4 e5 15. c3 Be6
16. fxe5 dxe5 17. Be3 Nh6 18. Bg5 Bf6 19. Bxf6 Qxf6 20. Qd2 c4 21. d4 exd4 22.
exf5 Nxf5 23. Bxc6 bxc6 24. cxd4 Qe7 25. Rac1 Nxg3 26. Nxg3 Qxh4 27. Qf4 Rxd4
28. Qxh4 Rxh4 29. Rf6 Bd5 30. Rxg6 Rf4 31. Nxc4 Rg8 32. Rxg8+ Bxg8 33. Ne5 h4
34. Ne2 Rxa4 35. Nxc6 Rg4+ 36. Kh2 Kb7 37. Kh3 Re4 38. Ncd4 Bf7 39. Rc5 Be8 40.
Rd5 Bf7 41. Rd7+ Kb6 42. Rxf7 Kc5 43. Rf2 a5 44. Nf3 Kb4 45. Nxh4 Kb3 46. Nc1+
Kb4 47. Nf5 a4 48. Rf3 Re8 49. Ra3 Ra8 50. Ne3 Kc5 51. Rc3+ Kd6 52. Nc4+ Ke6
53. Nb6 Rb8 54. Nxa4 Rb4 55. Nd3 Rd4 56. b4 Kd6 57. Nb6 Ke6 58. b5 1-0

[Event "Pere Noel"]
[Site "Montreal CAN"]
[Date "2003.12.26"]
[Round "1"]
[White "Landry, Sylvain"]
[Black "Ramaswamy, Kishor"]
[Result "0-1"]
[WhiteElo "1910"]
[BlackElo "2116"]
[PlyCount "63"]
[EventDate "2003.12.26"]
[EventType "swiss"]
[EventRounds "5"]
[EventCountry "CAN"]

1. e4 c6 2. d4 d5 3. e5 c5 4. c3 Nc6 5. Be2 Bf5 6. Nf3 e6 7. O-O Qb6 8. dxc5
Bxc5 9. b4 Be7 10. Be3 Qc7 11. Na3 a6 12. Qa4 Rc8 13. Rac1 Kf8 14. b5 Qa5 15.
Qxa5 Nxa5 16. Nc2 Nc4 17. bxa6 bxa6 18. Bd4 Nh6 19. Nb4 a5 20. Nd3 Be4 21. Rfd1
Nf5 22. Rb1 Ba3 23. Rb7 Nxd4 24. cxd4 g6 25. Ng5 Bxd3 26. Rxd3 Be7 27. Nf3 Bb4
28. g3 h6 29. Rb3 Kg7 30. Kg2 Rb8 31. Rc7 Rbc8 32. Rxc8 0-1

[Event "Pere Noel"]
[Site "Montreal CAN"]
[Date "2003.12.26"]
[Round "1"]
[White "Latendresse, Simon"]
[Black "Khassanov, Marat"]
[Result "0-1"]
[WhiteElo "2005"]
[BlackElo "2353"]
[PlyCount "52"]
[EventDate "2003.12.26"]
[EventType "swiss"]
[EventRounds "5"]
[EventCountry "CAN"]

1. d4 Nf6 2. Nf3 d5 3. c4 g6 4. g3 dxc4 5. Ne5 Qd5 6. f3 c5 7. e3 cxd4 8. exd4
Be6 9. Nc3 Qd8 10. Qa4+ Nbd7 11. d5 Nxd5 12. Bxc4 Bg7 13. Nxd7 Nxc3 14. bxc3
Bxd7 15. Qb3 O-O 16. Ba3 Rc8 17. Rd1 b5 18. Bxb5 Qb6 19. Rxd7 Qe3+ 20. Be2 Rxc3
21. Rxe7 Qd4 22. Re4 Rxb3 23. Rxd4 Rxa3 24. Rd7 Re8 25. Kf2 Rxa2 26. Re1 Bc3
0-1

[Event "Pere Noel"]
[Site "Montreal CAN"]
[Date "2003.12.27"]
[Round "1"]
[White "Malveau, Cedric"]
[Black "Laptos, Kris"]
[Result "0-1"]
[WhiteElo "1931"]
[BlackElo "2261"]
[PlyCount "74"]
[EventDate "2003.12.26"]
[EventType "swiss"]
[EventRounds "5"]
[EventCountry "CAN"]

1. d4 e6 2. c4 d5 3. Nc3 c5 4. cxd5 exd5 5. Nf3 Nc6 6. e3 Nf6 7. Be2 Bd6 8.
dxc5 Bxc5 9. O-O a6 10. a3 O-O 11. b4 Ba7 12. b5 d4 13. bxc6 dxc3 14. Qb3 bxc6
15. Qxc3 c5 16. Bb2 Bb7 17. Nh4 Qc8 18. Rad1 Re8 19. Rd6 Bb8 20. Rfd1 Bxd6 21.
Rxd6 Re6 22. Nf5 Qf8 23. Rxe6 fxe6 24. Ng3 Qd6 25. e4 Rd8 26. e5 Qc6 27. Bf3
Nd5 28. Qd2 Qc7 29. Qg5 h6 30. Qg4 Qf7 31. Bd1 Kh8 32. Ne4 Bc6 33. Nd6 Qe7 34.
Bc1 Rxd6 35. exd6 Qxd6 36. Qg6 Nf6 37. Bc2 Be4 0-1

[Event "Pere Noel"]
[Site "Montreal CAN"]
[Date "2003.12.26"]
[Round "1"]
[White "Mikanovic, Goran"]
[Black "Poirier, Erik"]
[Result "1-0"]
[WhiteElo "2333"]
[BlackElo "1999"]
[PlyCount "97"]
[EventDate "2003.12.26"]
[EventType "swiss"]
[EventRounds "5"]
[EventCountry "CAN"]

1. d4 Nf6 2. c4 e6 3. Nc3 Bb4 4. Qc2 O-O 5. a3 Bxc3+ 6. Qxc3 b6 7. Bg5 h6 8.
Bh4 Bb7 9. e3 c5 10. dxc5 bxc5 11. f3 Nc6 12. Nh3 Ne4 13. Bxd8 Nxc3 14. Bc7 Na4
15. b3 Nb6 16. Bd6 Rfc8 17. Kd2 Na5 18. Kc3 Rc6 19. Rd1 Rd8 20. Be2 Nc8 21. Bg3
d5 22. cxd5 exd5 23. Bb5 Rb6 24. a4 Nd6 25. b4 cxb4+ 26. Kxb4 Nac4 27. Bxd6
Nxd6 28. Nf4 Nxb5 29. a5 Rc6 30. Kxb5 Rdc8 31. Rd4 Ba6+ 32. Ka4 Rc4+ 33. Rxc4
dxc4 34. Nd5 Rb8 35. Nb4 Bb5+ 36. Ka3 Rd8 37. Rc1 Kf8 38. Kb2 Rd2+ 39. Rc2
Rxc2+ 40. Kxc2 Ke7 41. Kc3 Kd6 42. Kd4 f6 43. Na2 Be8 44. Nc3 Bf7 45. Nb5+ Kc6
46. Nxa7+ Kb7 47. Nb5 Ka6 48. Nd6 Bg8 49. Nxc4 1-0

[Event "Pere Noel"]
[Site "Montreal CAN"]
[Date "2003.12.26"]
[Round "1"]
[White "Voskanyan, Vahagn"]
[Black "Trottier, Alain"]
[Result "1-0"]
[WhiteElo "2309"]
[BlackElo "1989"]
[PlyCount "79"]
[EventDate "2003.12.26"]
[EventType "swiss"]
[EventRounds "5"]
[EventCountry "CAN"]

1. e4 c6 2. Nc3 d5 3. Nf3 Bg4 4. h3 Bxf3 5. Qxf3 e6 6. d3 Nf6 7. g3 Bb4 8. Bd2
d4 9. Nb1 Qb6 10. c3 dxc3 11. Nxc3 Nbd7 12. O-O-O O-O-O 13. Qe2 Nc5 14. Be3 Qa5
15. Qc2 Rhe8 16. a3 Bxc3 17. Qxc3 Qxc3+ 18. bxc3 Na4 19. Kc2 Nd7 20. f4 e5 21.
fxe5 Rxe5 22. Bg2 Rb5 23. Rb1 Rxb1 24. Rxb1 Ne5 25. Bf1 c5 26. d4 cxd4 27. cxd4
Nc6 28. d5 Ne5 29. Bxa7 b6 30. Bxb6 Nxb6 31. Rxb6 Kc7 32. Rb4 Rd6 33. a4 Rf6
34. Be2 Rf2 35. Kd2 Rg2 36. Rb3 Kd6 37. Ke1 Nd7 38. a5 Nc5 39. a6 Rg1+ 40. Bf1
1-0

[Event "Pere Noel"]
[Site "Montreal CAN"]
[Date "2003.12.27"]
[Round "2"]
[White "Gauthier, Denis"]
[Black "Arsenault, Nicolas"]
[Result "1-0"]
[WhiteElo "1951"]
[BlackElo "2107"]
[PlyCount "82"]
[EventDate "2003.12.26"]
[EventType "swiss"]
[EventRounds "5"]
[EventCountry "CAN"]

1. d4 Nf6 2. c4 g6 3. Nc3 Bg7 4. Nf3 O-O 5. Bf4 d6 6. h3 Nc6 7. e3 Nd7 8. Be2
e5 9. Bh2 Re8 10. O-O e4 11. Nd2 f5 12. a3 Nf6 13. Rc1 g5 14. Qc2 a6 15. b4 Ne7
16. f3 exf3 17. Bxf3 Ng6 18. Nd5 Nh4 19. Nxf6+ Bxf6 20. Bd5+ Kh8 21. Rce1 c6
22. Bf7 Rf8 23. Bh5 f4 24. exf4 Bxd4+ 25. Kh1 Bf5 26. Qd1 d5 27. Nf3 Nxf3 28.
Rxf3 dxc4 29. fxg5 Bd3 30. Be5+ Bxe5 31. Rxe5 Qd4 32. Re7 Rad8 33. g6 hxg6 34.
Qc1 Rxf3 35. Qh6+ Kg8 36. Qh7+ Kf8 37. Bxf3 Qa1+ 38. Kh2 Qf6 39. Rxb7 g5 40.
Qh5 c3 41. h4 c2 1-0

[Event "Pere Noel"]
[Site "Montreal CAN"]
[Date "2003.12.27"]
[Round "2"]
[White "Gravel, Simon M"]
[Black "Pitre, Francois"]
[Result "1/2-1/2"]
[WhiteElo "2237"]
[BlackElo "1977"]
[PlyCount "40"]
[EventDate "2003.12.26"]
[EventType "swiss"]
[EventRounds "5"]
[EventCountry "CAN"]

1. e4 e6 2. d4 d5 3. Nc3 Nf6 4. e5 Nfd7 5. f4 c5 6. Nf3 Nc6 7. Be3 a6 8. Qd2 b5
9. dxc5 Nxc5 10. Nd4 Bb7 11. Bd3 b4 12. Nce2 Ne4 13. Bxe4 dxe4 14. O-O-O Qc7
15. Nxc6 Bxc6 16. Nd4 Bd5 17. f5 Bc5 18. fxe6 fxe6 19. Rhf1 Rc8 20. Kb1 Rf8
1/2-1/2

[Event "Pere Noel"]
[Site "Montreal CAN"]
[Date "2003.12.27"]
[Round "2"]
[White "Nunez, Omar"]
[Black "Fillion, Steve"]
[Result "0-1"]
[WhiteElo "1962"]
[BlackElo "2126"]
[PlyCount "70"]
[EventDate "2003.12.26"]
[EventType "swiss"]
[EventRounds "5"]
[EventCountry "CAN"]

1. f4 d5 2. e3 g6 3. Nf3 Bg7 4. Be2 Nf6 5. O-O O-O 6. d3 b6 7. Ne5 Bb7 8. Bf3
Nbd7 9. c4 e6 10. Nc3 c5 11. Qa4 Nxe5 12. fxe5 Ne8 13. d4 Nc7 14. cxd5 Nxd5 15.
Ne4 Nc7 16. Nf6+ Bxf6 17. Bxb7 Rb8 18. exf6 Rxb7 19. dxc5 bxc5 20. Qh4 Rb4 21.
Qh6 Ne8 22. b3 Nxf6 23. Bb2 Ne8 24. Rad1 Qe7 25. Ba3 Rb5 26. Rd2 f5 27. Rfd1
Nf6 28. Bb2 Nd5 29. Rxd5 exd5 30. Rxd5 Rb7 31. Qf4 Rb4 32. Qh6 Rh4 33. Re5 Qd8
34. Qg7+ Kxg7 35. Re7+ Kh6 0-1

[Event "Pere Noel"]
[Site "Montreal CAN"]
[Date "2003.12.27"]
[Round "2"]
[White "Ramaswamy, Kishor"]
[Black "Mikanovic, Goran"]
[Result "0-1"]
[WhiteElo "2116"]
[BlackElo "2333"]
[PlyCount "67"]
[EventDate "2003.12.26"]
[EventType "swiss"]
[EventRounds "5"]
[EventCountry "CAN"]

1. d4 Nf6 2. Nf3 e6 3. Bg5 c5 4. e3 Be7 5. c3 cxd4 6. exd4 b6 7. Nbd2 Bb7 8.
Bd3 d6 9. O-O Nbd7 10. Re1 O-O 11. a4 a6 12. Nc4 Qc7 13. Ne3 Rfe8 14. Qc2 Bf8
15. Nd2 g6 16. f3 Bg7 17. Ne4 e5 18. Nxf6+ Nxf6 19. dxe5 dxe5 20. Bxf6 Bxf6 21.
Be4 Rad8 22. Bxb7 Qxb7 23. Qe4 Qc7 24. Kf1 Bg7 25. g4 Qe7 26. Rad1 Qh4 27. Kg2
Qg5 28. Kf2 Kh8 29. Qc4 f5 30. gxf5 gxf5 31. Qe2 e4 32. Rxd8 Qxd8 33. fxe4 Rxe4
34. Kg1 0-1

[Event "Pere Noel"]
[Site "Montreal CAN"]
[Date "2003.12.27"]
[Round "2"]
[White "Robidas, Francois"]
[Black "McDonough, Jonathan"]
[Result "0-1"]
[WhiteElo "1917"]
[BlackElo "2098"]
[PlyCount "56"]
[EventDate "2003.12.26"]
[EventType "swiss"]
[EventRounds "5"]
[EventCountry "CAN"]

1. e4 e6 2. d4 d5 3. Nc3 Bb4 4. e5 c5 5. a3 Bxc3+ 6. bxc3 Qa5 7. Bd2 Qa4 8. Qg4
g6 9. Kd1 b6 10. Nf3 Ne7 11. h4 h5 12. Qf4 Nf5 13. Bd3 Ba6 14. Bxf5 gxf5 15.
Qg5 Nd7 16. Qg7 Rf8 17. Ng5 cxd4 18. Nh7 d3 19. Nxf8 dxc2+ 20. Kc1 Nc5 21. Rh3
Nb3+ 22. Kb2 Nxa1 23. c4 c1=Q+ 24. Bxc1 Qc2+ 25. Kxa1 Qxc1+ 26. Ka2 Bxc4+ 27.
Rb3 Qc2+ 28. Ka1 Bxb3 0-1

[Event "Pere Noel"]
[Site "Montreal CAN"]
[Date "2003.12.27"]
[Round "2"]
[White "Rouleau, Paul"]
[Black "Latendresse, Simon"]
[Result "0-1"]
[WhiteElo "2005"]
[BlackElo "1895"]
[PlyCount "42"]
[EventDate "2003.12.26"]
[EventType "swiss"]
[EventRounds "5"]
[EventCountry "CAN"]

1. e4 c6 2. c3 d5 3. exd5 cxd5 4. d4 Nc6 5. Bd3 Nf6 6. h3 e6 7. Nf3 Be7 8. O-O
O-O 9. Re1 b6 10. Nbd2 Bb7 11. Nf1 Rc8 12. Bg5 Ne4 13. Bxe7 Nxe7 14. N1d2 f5
15. Ne5 Rf6 16. Ndf3 Rc7 17. Qa4 Nc8 18. Bb5 Ncd6 19. Nc6 Qa8 20. Nfe5 Nxb5 21.
Qxb5 Bxc6 0-1

[Event "Pere Noel"]
[Site "Montreal CAN"]
[Date "2003.12.27"]
[Round "2"]
[White "Tremblay, Alain"]
[Black "Voskanyan, Vahagn"]
[Result "1/2-1/2"]
[WhiteElo "2084"]
[BlackElo "2309"]
[PlyCount "61"]
[EventDate "2003.12.26"]
[EventType "swiss"]
[EventRounds "5"]
[EventCountry "CAN"]

1. e4 c6 2. d4 d5 3. exd5 cxd5 4. c4 Nf6 5. Nc3 g6 6. Bd3 Bg7 7. Nge2 Nc6 8.
O-O O-O 9. Bg5 dxc4 10. Bxc4 Bf5 11. a3 Rc8 12. Ba2 Na5 13. Qd2 Nc4 14. Bxc4
Rxc4 15. Bh6 Qd7 16. Bxg7 Kxg7 17. Qe3 b5 18. Rfd1 a5 19. Qe5 b4 20. axb4 axb4
21. Na4 Rc2 22. Ng3 Kg8 23. Nc5 Qc8 24. Qxe7 Nd5 25. Qe5 Rd8 26. Nxf5 Qxf5 27.
Qxf5 gxf5 28. Nd3 Rc4 29. Ne5 Rc2 30. Nd3 Rc4 31. Ne5 1/2-1/2

[Event "Pere Noel"]
[Site "Montreal CAN"]
[Date "2003.12.28"]
[Round "3"]
[White "Desmarais, Emmanuel"]
[Black "Dimev, Kiril"]
[Result "1-0"]
[WhiteElo "1821"]
[BlackElo "1573"]
[PlyCount "33"]
[EventDate "2003.12.26"]
[EventType "swiss"]
[EventRounds "5"]
[EventCountry "CAN"]

1. e4 e5 2. Nf3 Nc6 3. d4 exd4 4. Bc4 Bc5 5. Ng5 Ne5 6. Nxf7 Nxf7 7. Bxf7+ Kf8
8. O-O d6 9. Bb3 Nf6 10. c3 dxc3 11. Nxc3 Ng4 12. Be3 Bd7 13. Bxc5 dxc5 14. Qd2
Qe7 15. Qf4+ Nf6 16. e5 b5 17. Nd5 1-0